[Event "EIWCC 2017"]
[Site "Riga"]
[Date "2017.04.13"]
[Round "3"]
[White "Papp, Petra"]
[Black "Dzagnidze, Nana"]
[Result "0-1"]
[WhiteElo "2378"]
[BlackElo "2528"]
[Annotator "TA"]
[PlyCount "90"]
[EventDate "2017.??.??"]
[EventType "swiss"]
[EventCountry "LAT"]
[SourceTitle "playchess.com"]
[Source "ChessBase"]
[SourceQuality "1"]

{[%evp 18,90,6,0,1,12,26,0,0,0,0,0,0,-4,0,-6,3,-35,-28,-36,0,-58,-52,-66,-69,-77,-75,-48,0,-166,-162,-178,-158,-166,-186,-179,-165,-361,-361,-373,-370,-472,-471,-418,-335,-449,-455,-465,-465,-464,-456,-440,-455,-501,-433,-592,-583,-4710,-2965,-5206,-1003,-1206,-1164,-5724,-5700,-5595,-5507,-5037,-2055,-5716,-5517,-2221,-2190,-29979,-29979]} 1. e4 e6 2. d4 d5 3. Nc3 Bb4 4. e5 c5 5. a3 Bxc3+ 6. bxc3 Qa5 7. Bd2 Qa4 8. Qg4 Kf8 9. Nf3 Ne7 10. h3 {LiveBook: 3 Games. C18: French: 3 Nc3 Bb4: Main line: 7 h4 and 7 Qg4} Qxc2 (10... Nd7 11. Bd3 c4 12. Be2 Qxc2 13. O-O h6 14. Rfe1 Qe4 15. Qxe4 dxe4 16. Nh2 Nb6 17. a4 Bd7 {1-0 (60) Motylev,A (2660)-Kovalenko,I (2667) Poikovsky 2016}) 11. Rc1 Qa4 (11... Qg6 $5 {looks sharper.} 12. c4 dxc4 13. Bxc4 Qxg4 14. hxg4 Nd7) 12. Bd3 {White has an edge.} (12. dxc5 $5 {seems wilder.} Qxa3 13. Qb4 Qa2 14. Bd3 Nbc6 15. Qf4) 12... h6 $146 (12... c4 13. Bc2 Qxa3 14. O-O Qa5 15. Ra1 Qc7 16. Bc1 Nbc6 17. Ba3 Kg8 {1-0 (34) Berezjuk,S (2421)-Jegorovas,A (2265) Kaunas 2016}) 13. dxc5 Qxg4 14. hxg4 Nd7 15. Be3 b6 16. cxb6 axb6 17. Ra1 Ba6 18. Bc2 Nc6 {[%cal Be7c6,Bc6a5,Ba5c4][%mdl 32]} 19. Rh5 (19. g5 $1 $11) 19... Ke7 $15 20. Rb1 Na5 21. a4 Nc4 22. Bc1 f6 23. Nh4 $2 {[#]} (23. exf6+ $1 $11 Nxf6 24. Rh3) 23... Ncxe5 $19 ({Much worse is} 23... Ndxe5 $6 24. f4 Nxg4 25. Ng6+ Kf7 26. Nxh8+ Rxh8 27. Bd1 $11) 24. Ng6+ Nxg6 25. Bxg6 Ne5 $36 {[%mdl 2048] Black has strong initiative.} 26. Ba3+ Kd7 27. Bc2 $2 {[#]} (27. Rxe5 {only move.} fxe5 28. Rxb6) 27... Bd3 28. Bxd3 Nxd3+ 29. Kd2 Nxf2 30. Rxb6 Ne4+ (30... Nxg4 $2 31. Rd6+ Ke7 32. Rdxd5+ Kf7 33. Rd4 $19) 31. Kd3 Rxa4 32. Bb4 Rc8 33. Rb7+ Rc7 34. Rxc7+ Kxc7 {[%mdl 4096] Endgame KRB-KRN} 35. Bf8 Rc4 36. Bxg7 Rxc3+ 37. Kd4 Kd6 38. Bxf6 Rc4+ (38... Nxf6 $142 39. Kxc3 Nxh5) 39. Kd3 Nxf6 40. Rxh6 Nxg4 {KRN-KR} 41. Rh8 Ne5+ 42. Ke3 Re4+ 43. Kf2 d4 {[%cal Bd5d4,Bd4d3][%mdl 32]} 44. Rd8+ Kc5 45. Re8 d3 0-1

[Event "EIWCC 2017"]
[Site "Riga"]
[Date "2017.04.13"]
[Round "3"]
[White "Savina, Anastasia"]
[Black "Zherebtsova, Alexandra"]
[Result "1-0"]
[WhiteElo "2378"]
[BlackElo "2222"]
[Annotator "NA"]
[PlyCount "53"]
[EventDate "2017.??.??"]
[EventType "swiss"]
[EventCountry "LAT"]
[SourceTitle "playchess.com"]
[Source "ChessBase"]
[SourceQuality "1"]
[TimeControl "40/5400+30:1800+30"]

1. Nf3 {[%emt 0:00:00]} d5 {[%emt 0:00:04]} 2. d4 {[%emt 0:00:00]} Nf6 {[%emt 0:00:05]} 3. c4 {[%emt 0:00:00]} c6 {[%emt 0:00:03]} 4. Nc3 {[%emt 0:00:07]} e6 {[%emt 0:00:05]} 5. Bg5 {[%emt 0:00:20]} h6 {[%emt 0:00:13]} 6. Bxf6 {[%emt 0:00:06]} Qxf6 {[%emt 0:00:05]} 7. Qb3 {[%emt 0:00:54]} dxc4 {[%emt 0:02:12]} 8. Qxc4 {[%emt 0:00:08]} g6 {[%emt 0:02:56]} 9. e3 {[%emt 0:09:11]} Nd7 {[%emt 0:07:58]} 10. O-O-O {[%emt 0:22:24]} Bg7 {[%emt 0:02:50]} 11. h4 {[%emt 0:04:04]} O-O {[%emt 0:22:52]} 12. h5 {[%emt 0:02:57]} g5 {[%emt 0:00:39]} 13. Bd3 {[%emt 0:01:08]} Qe7 {[%emt 0:10:34]} 14. Bc2 {[%emt 0:10:27]} e5 {[%emt 0:08:00]} 15. g4 {[%emt 0:26:03]} exd4 {[%emt 0:10:31]} 16. exd4 {[%emt 0:08:01]} Rd8 {[%emt 0:11:01]} 17. d5 {[%emt 0:08:35]} Nf8 {[%emt 0:01:17]} 18. Rhe1 {[%emt 0:00:29]} Qc7 {[%emt 0:07:49]} 19. Bb3 {[%emt 0:01:31]} Qa5 {[%emt 0:04:20]} 20. Ne5 {[%emt 0:01:19]} cxd5 {[%emt 0:03:41]} 21. Nxd5 {[%emt 0:00:14]} Be6 {[%emt 0:00:19]} 22. Ne7+ {[%emt 0:00:31]} Kh7 {[%emt 0:01:23]} 23. Bc2+ {[%emt 0:00:59]} Kh8 {[%emt 0:01:03]} 24. Nxf7+ {[%emt 0:01:01]} Bxf7 {[%emt 0:00:04]} 25. Qxf7 {[%emt 0:00:07]} Rxd1+ {[%emt 0:00:31]} 26. Rxd1 {[%emt 0:00:14]} Bxb2+ {[%emt 0:00:36]} 27. Kb1 {[%emt 0:01:04]} 1-0

[Event "EIWCC 2017"]
[Site "Riga"]
[Date "2017.04.13"]
[Round "3"]
[White "Kovanova, Baira"]
[Black "Gueci, Tea"]
[Result "1/2-1/2"]
[WhiteElo "2376"]
[BlackElo "2132"]
[Annotator "NA"]
[PlyCount "81"]
[EventDate "2017.??.??"]
[EventType "swiss"]
[EventCountry "LAT"]
[SourceTitle "playchess.com"]
[Source "ChessBase"]
[SourceQuality "1"]
[TimeControl "40/5400+30:1800+30"]

1. e4 {[%emt 0:00:00]} c6 {[%emt 0:00:03]} 2. d4 {[%emt 0:00:00]} d5 {[%emt 0:00:05]} 3. Nc3 {[%emt 0:00:00]} dxe4 {[%emt 0:00:04]} 4. Nxe4 {[%emt 0:00:00]} Bf5 {[%emt 0:00:06]} 5. Ng3 {[%emt 0:00:00]} Bg6 {[%emt 0:00:04]} 6. Nh3 {[%emt 0:00:01]} e6 {[%emt 0:00:13]} 7. Nf4 {[%emt 0:00:25]} Bd6 {[%emt 0:00:05]} 8. c3 {[%emt 0:01:02]} Nf6 {[%emt 0:02:46]} 9. Bc4 {[%emt 0:01:37]} Qc7 {[%emt 0:05:13]} 10. Qf3 {[%emt 0:01:42]} Nd5 {[%emt 0:07:48]} 11. Nxg6 {[%emt 0:03:27]} hxg6 {[%emt 0:00:59]} 12. Bg5 {[%emt 0:02:09]} Be7 {[%emt 0:09:01]} 13. Bd2 {[%emt 0:03:41]} Nd7 {[%emt 0:02:08]} 14. h3 {[%emt 0:02:05]} N7f6 {[%emt 0:03:23]} 15. O-O {[%emt 0:01:56]} O-O {[%emt 0:02:55]} 16. Bb3 {[%emt 0:03:52]} c5 {[%emt 0:10:35]} 17. c4 {[%emt 0:08:02]} Nb6 {[%emt 0:00:38]} 18. Bf4 {[%emt 0:07:12]} Bd6 {[%emt 0:03:07]} 19. Bxd6 {[%emt 0:04:41]} Qxd6 {[%emt 0:00:05]} 20. dxc5 {[%emt 0:00:04]} Qxc5 {[%emt 0:00:05]} 21. Qxb7 {[%emt 0:00:12]} Nxc4 {[%emt 0:01:49]} 22. Rac1 {[%emt 0:01:25]} Qb6 {[%emt 0:02:17]} 23. Qxb6 {[%emt 0:05:11]} Nxb6 {[%emt 0:00:02]} 24. Rc7 {[%emt 0:02:54]} Nbd5 {[%emt 0:13:58]} 25. Rc4 {[%emt 0:06:33]} Nb6 {[%emt 0:06:47]} 26. Rc5 {[%emt 0:03:49]} Rfd8 {[%emt 0:00:40]} 27. Rfc1 {[%emt 0:02:34]} Rd7 {[%emt 0:06:24]} 28. Ra5 {[%emt 0:03:29]} Kf8 {[%emt 0:04:45]} 29. Nf1 {[%emt 0:04:49]} Ke7 {[%emt 0:04:00]} 30. Ne3 {[%emt 0:00:50]} Rb8 {[%emt 0:01:07]} 31. Rc2 {[%emt 0:05:33]} Ne4 {[%emt 0:02:41]} 32. Ng4 {[%emt 0:01:40]} Rc8 {[%emt 0:03:00]} 33. Ne5 {[%emt 0:04:35]} Rdc7 {[%emt 0:02:59]} 34. Rxc7+ {[%emt 0:08:22]} Rxc7 {[%emt 0:00:02]} 35. Rxa7 {[%emt 0:00:14]} Rxa7 {[%emt 0:00:21]} 36. Nc6+ {[%emt 0:00:02]} Kd6 {[%emt 0:02:06]} 37. Nxa7 {[%emt 0:00:16]} Kc5 {[%emt 0:01:08]} 38. Bc2 {[%emt 0:08:18]} Nd6 {[%emt 0:00:29]} 39. a4 {[%emt 0:02:19]} Nbc4 {[%emt 0:00:30]} 40. b3 {[%emt 0:00:00]} Na3 {[%emt 0:00:38]} 41. Bd1 {[%emt 0:16:03]} 1/2-1/2

[Event "EIWCC 2017"]
[Site "Riga"]
[Date "2017.04.13"]
[Round "3"]
[White "Arakhamia-Grant, Ketevan"]
[Black "Paehtz, Elisabeth"]
[Result "1/2-1/2"]
[WhiteElo "2374"]
[BlackElo "2454"]
[Annotator "TA"]
[PlyCount "126"]
[EventDate "2017.??.??"]
[EventType "swiss"]
[EventCountry "LAT"]
[SourceTitle "playchess.com"]
[Source "ChessBase"]
[SourceQuality "1"]

{[%evp 28,126,22,15,35,12,8,22,16,8,38,0,20,7,8,8,10,0,46,8,9,26,7,6,30,28,78,84,131,112,177,172,166,174,208,191,207,106,112,108,138,128,154,7,3,10,22,0,10,0,0,0,0,0,0,0,9,0,0,0,0,0,0,-1,0,0,20,15,30,15,15,0,4,4,4,4,5,5,5,0,0,-8,-8,-8,-8,-13,-8,-8,-8,-8,-8,-8,0,0,0,0,0,0,0,0,0]} 1. e4 d6 2. d4 Nf6 3. Nc3 e5 4. Nf3 Nbd7 5. Bc4 Be7 6. O-O O-O 7. a4 a5 8. Re1 c6 9. Ba2 Re8 10. Ng5 Rf8 11. Nf3 {[%cal Bg5f3,Bf3h4,Bh4f5][%mdl 32]} Re8 12. h3 h6 13. Be3 {C41: Philidor Defence} Qc7 14. Nh4 Nf8 15. Qf3 {LiveBook: 29 Games} Ne6 16. dxe5 dxe5 17. Nf5 {next Bxh6! is good for White.} Ng5 18. Bxg5 hxg5 19. Ne2 $146 (19. Rad1 Rf8 20. Rd3 g6 21. Nxe7+ Qxe7 {½-½ (44) Palac,M (2568)-Jurkovic,A (2340) Zadar 2002}) 19... Rf8 ({But not} 19... Bxf5 20. Qxf5 (20. exf5 Bc5 $15) 20... Bc5 21. Ng3 $16) 20. Neg3 g6 21. Nxe7+ Qxe7 22. Qe3 $36 {[%mdl 2048] White has some pressure.} Ne8 23. Rad1 Nc7 24. Qc3 Re8 25. Nf1 Qb4 26. Qg3 Qe7 27. Nd2 Kg7 {[#]} 28. Nc4 $1 Na6 (28... b5 $16) 29. Nd6 $18 Rf8 30. Qc3 Nb4 31. Bb3 g4 32. Nxc8 (32. hxg4 $18 Bxg4 33. f3) 32... Raxc8 33. hxg4 Rh8 34. f4 Na6 ({Not} 34... Qh4 $2 35. Qxe5+ Qf6 36. Qxf6+ (36. Qxa5 c5 $16) 36... Kxf6 37. Rd7 $18) 35. Qxe5+ ({White should try} 35. Re3 $16) 35... Qxe5 $11 36. fxe5 {Black must now prevent Rd7.} Nc5 37. Bc4 Rce8 38. e6 fxe6 39. e5 Kh6 40. b3 Kg5 41. Rd4 Rhf8 42. Be2 Rd8 43. Rc4 Na6 44. Bf3 Rd2 45. Rf1 Nb4 46. Be4 Rxf1+ (46... b5 $5 {seems wilder.} 47. Rxf8 bxc4 48. Rf6 Re2 49. Rxg6+ Kf4) 47. Kxf1 {[%mdl 4096] Endgame KRB-KRN} Rd8 48. Ke2 Nd5 {The position is equal.} 49. g3 Nb6 50. Rc3 Kxg4 51. Bxg6 Rd5 52. Re3 Nd7 53. Bf7 Nc5 54. c4 Rd8 55. Bg6 Rh8 56. Kd2 Rh3 57. Kc3 Rxg3 58. Rxg3+ Kxg3 {KB-KN} 59. b4 $1 {[%cal Rb4c5]} axb4+ (59... Nxa4+ $5 60. Kb3 $8 Nb6 61. bxa5 Nd7 $11) 60. Kxb4 b6 61. a5 Na6+ 62. Ka4 Nc5+ 63. Kb4 Na6+ 1/2-1/2

[Event "EIWCC 2017"]
[Site "Riga"]
[Date "2017.04.13"]
[Round "3"]
[White "Arabidze, Meri"]
[Black "Sazonova, Anastasia"]
[Result "1-0"]
[WhiteElo "2373"]
[BlackElo "2143"]
[Annotator "NA"]
[PlyCount "181"]
[EventDate "2017.??.??"]
[EventType "swiss"]
[EventCountry "LAT"]
[SourceTitle "playchess.com"]
[Source "ChessBase"]
[SourceQuality "1"]
[TimeControl "40/5400+30:1800+30"]

1. d4 {[%emt 0:00:00]} d5 {[%emt 0:00:15]} 2. c4 {[%emt 0:00:00]} c6 {[%emt 0:00:19]} 3. cxd5 {[%emt 0:00:22]} cxd5 {[%emt 0:00:15]} 4. Nc3 {[%emt 0:00:02]} Nf6 {[%emt 0:00:47]} 5. Bf4 {[%emt 0:00:10]} Nc6 {[%emt 0:00:55]} 6. Nf3 {[%emt 0:01:12]} a6 {[%emt 0:01:02]} 7. Rc1 {[%emt 0:00:21]} Nh5 {[%emt 0:01:06] D13: Slav Defence: Exchange variation without ...Bf5} (7... e6 8. e3 Be7 9. h3 O-O 10. Bd3 Bd7 11. O-O Rc8 12. Ne5 Be8 13. Bg5 h6 14. Bh4 Nd7 15. Nxc6 Rxc6 16. Bxe7 Qxe7 17. Na4 Nf6 18. Qb3 Rxc1 19. Rxc1 Bxa4 20. Qxa4 Qd6 {½-½ (20) Artemiev,V (2663)-Vitiugov,N (2721) Sochi 2016}) 8. Bd2 {[%emt 0:00:15]} Nf6 {[%emt 0:00:16]} 9. h3 {[%emt 0:00:35]} e6 {[%emt 0:00:39]} 10. Bf4 {[%emt 0:03:03]} Bd6 {[%emt 0:01:05]} 11. Bxd6 {[%emt 0:00:36]} Qxd6 {[%emt 0:00:09]} 12. e3 {[%emt 0:00:07]} O-O {[%emt 0:00:34]} 13. Bd3 $146 {[%emt 0:00:14]} (13. Be2 e5 14. dxe5 Nxe5 15. Nd4 Rd8 16. O-O {1-0 (42) Roldan Marques,D (2021)-Alfaro Pinero,A (1747) Pamplona 2015}) 13... Bd7 {[%emt 0:01:56]} 14. O-O {[%emt 0:01:31]} Rac8 {[%emt 0:02:45]} 15. Qe2 {[%emt 0:05:06]} b5 {[%emt 0:20:33]} 16. a3 {[%emt 0:08:28]} Na5 {[%emt 0:20:41]} 17. Ne5 {[%emt 0:06:01]} Nc4 {[%emt 0:03:04]} 18. f4 {[%emt 0:01:20]} Ne8 {[%emt 0:03:10]} 19. a4 {[%emt 0:09:25]} b4 {[%emt 0:08:42]} (19... Nc7 $14) 20. Nb1 $11 {[%emt 0:02:03]} ({And not} 20. Nxd7 Qxd7 21. b3 (21. Ne4 Nxe3 22. Qxe3 Rxc1 23. Rxc1 dxe4 24. Bxe4 Qxa4 $11) 21... bxc3 $11) ({Better is} 20. Bxc4 $16 bxc3 21. Bxa6) 20... Bxa4 {[%emt 0:04:19]} 21. Nxc4 {[%emt 0:03:10]} dxc4 {[%emt 0:00:10]} 22. Bxc4 {[%emt 0:00:12]} Nc7 {[%emt 0:05:59]} 23. Nd2 {[%emt 0:01:26]} Bb5 {[%emt 0:01:55]} 24. Ne4 {[%emt 0:13:50]} Qb6 {[%emt 0:05:04]} 25. Bxb5 {[%emt 0:11:35]} Nxb5 {[%emt 0:04:12]} 26. Nc5 {[%emt 0:00:06]} Rfd8 {[%emt 0:01:46]} 27. Kh2 {[%emt 0:04:12]} h6 {[%emt 0:01:37]} 28. Ra1 {[%emt 0:00:51]} a5 {[%emt 0:01:15]} 29. Rfc1 {[%emt 0:10:36]} Ra8 {[%emt 0:02:24]} 30. Qf3 {[%emt 0:00:52]} Nd6 {[%emt 0:02:21]} 31. Ra4 {[%emt 0:07:01]} Qb5 {[%emt 0:01:13]} 32. Rca1 {[%emt 0:01:15]} Rdc8 {[%emt 0:01:05]} 33. Kg1 {[%emt 0:03:07]} Qb6 {[%emt 0:02:46]} 34. Qe2 {[%emt 0:01:38]} Ra7 {[%emt 0:01:49]} 35. Qd3 {[%emt 0:03:20]} Rd8 {[%emt 0:01:10]} 36. Nb3 {[%emt 0:01:23]} Rda8 {[%emt 0:00:24]} 37. Nc5 {[%emt 0:01:29]} Rd8 {[%emt 0:00:08]} 38. Nb3 {[%emt 0:00:18]} Rda8 {[%emt 0:00:05]} 39. Kf1 {[%emt 0:00:25]} Nb7 {[%emt 0:01:26]} 40. Rc1 {[%emt 0:00:00]} Nd6 {[%emt 0:00:32]} 41. Kg1 {[%emt 0:11:48]} Rc7 {[%emt 0:02:46]} 42. Rxc7 {[%emt 0:04:06]} Qxc7 {[%emt 0:00:07]} 43. Nc5 {[%emt 0:00:12]} Nb7 {[%emt 0:06:14]} 44. Qe4 {[%emt 0:01:28]} Ra7 {[%emt 0:00:25]} 45. Qe5 {[%emt 0:10:07]} Nd6 {[%emt 0:13:20]} 46. b3 {[%emt 0:00:19]} Nb5 {[%emt 0:03:47]} 47. Qxc7 {[%emt 0:01:42]} Nxc7 {[%emt 0:00:09]} 48. Kf2 {[%emt 0:00:26]} Nb5 {[%emt 0:01:22]} 49. Ke1 {[%emt 0:01:54]} Kf8 {[%emt 0:00:36]} 50. Kd2 {[%emt 0:00:50]} Ke7 {[%emt 0:01:20]} 51. Ra1 {[%emt 0:00:32]} Na3 {[%emt 0:03:52]} 52. Kd3 {[%emt 0:00:08]} Rc7 {[%emt 0:00:49]} 53. Rf1 {[%emt 0:01:44]} f5 {[%emt 0:01:36]} 54. g4 {[%emt 0:00:49]} g6 {[%emt 0:00:22]} 55. Rg1 {[%emt 0:01:33]} Kf6 {[%emt 0:00:35]} 56. h4 {[%emt 0:00:29]} fxg4 {[%emt 0:00:38]} 57. Rxg4 {[%emt 0:00:02]} Nb5 {[%emt 0:00:12]} 58. Rg1 {[%emt 0:01:16]} Nd6 {[%emt 0:00:41]} 59. Ra1 {[%emt 0:00:52]} Nb7 {[%emt 0:00:32]} 60. Nxb7 {[%emt 0:01:05]} Rxb7 {[%emt 0:00:02]} 61. Rxa5 {[%emt 0:00:01]} Rc7 {[%emt 0:00:15]} 62. Rc5 {[%emt 0:00:33]} Ra7 {[%emt 0:00:27]} 63. Rb5 {[%emt 0:00:23]} Ra2 {[%emt 0:00:23]} 64. h5 {[%emt 0:01:24]} g5 {[%emt 0:00:14]} 65. fxg5+ {[%emt 0:00:22]} hxg5 {[%emt 0:00:02]} 66. Rxb4 {[%emt 0:00:32]} Rh2 {[%emt 0:00:44]} 67. Rb8 {[%emt 0:00:38]} Rxh5 {[%emt 0:00:09]} 68. b4 {[%emt 0:00:32]} g4 {[%emt 0:00:32]} 69. Rg8 {[%emt 0:00:20]} Kf5 {[%emt 0:00:56]} 70. b5 {[%emt 0:00:28]} Rh1 {[%emt 0:00:51]} 71. Kc4 {[%emt 0:00:31]} Rc1+ {[%emt 0:01:31]} 72. Kb4 {[%emt 0:00:01]} Ke4 {[%emt 0:00:32]} 73. Rxg4+ {[%emt 0:00:23]} Kxe3 {[%emt 0:00:07]} 74. b6 {[%emt 0:01:07]} Kf3 {[%emt 0:00:22]} 75. Rh4 {[%emt 0:00:18]} Ke3 {[%emt 0:00:51]} 76. Kb5 {[%emt 0:00:15]} Rb1+ {[%emt 0:00:37]} 77. Kc6 {[%emt 0:00:01]} Rc1+ {[%emt 0:00:10]} 78. Kd7 {[%emt 0:00:17]} Rb1 {[%emt 0:00:15]} 79. Kc7 {[%emt 0:01:45]} Rc1+ {[%emt 0:00:08]} 80. Kb8 {[%emt 0:00:24]} Kd3 {[%emt 0:00:32]} 81. b7 {[%emt 0:00:30]} Rb1 {[%emt 0:01:28]} 82. Kc7 {[%emt 0:00:24]} Rc1+ {[%emt 0:00:07]} 83. Kd7 {[%emt 0:00:24]} Rb1 {[%emt 0:00:21]} 84. Kc7 {[%emt 0:00:51]} Rc1+ {[%emt 0:00:06]} 85. Kd6 {[%emt 0:00:21]} Rb1 {[%emt 0:00:07]} 86. Kxe6 {[%emt 0:00:06]} Kc4 {[%emt 0:00:53]} 87. d5+ {[%emt 0:01:02]} Kc5 {[%emt 0:00:01]} 88. Rh7 {[%emt 0:00:13]} Rb6+ {[%emt 0:00:54]} 89. Ke5 {[%emt 0:00:08]} Kb5 {[%emt 0:00:25]} 90. Rc7 {[%emt 0:01:13]} Ka6 {[%emt 0:01:08]} 91. Rc6 {[%emt 0:00:20]} 1-0

[Event "EIWCC 2017"]
[Site "Riga"]
[Date "2017.04.13"]
[Round "3"]
[White "Yildiz, Betul Cemre"]
[Black "Balaian, Alina"]
[Result "1/2-1/2"]
[WhiteElo "2367"]
[BlackElo "2229"]
[Annotator "NA"]
[PlyCount "101"]
[EventDate "2017.??.??"]
[EventType "swiss"]
[EventCountry "LAT"]
[SourceTitle "playchess.com"]
[Source "ChessBase"]
[SourceQuality "1"]
[TimeControl "40/5400+30:1800+30"]

1. e4 {[%emt 0:00:00]} e6 {[%emt 0:00:03]} 2. d4 {[%emt 0:00:00]} d5 {[%emt 0:00:04]} 3. Nd2 {[%emt 0:00:00]} Nf6 {[%emt 0:00:10]} 4. e5 {[%emt 0:00:00]} Nfd7 {[%emt 0:00:06]} 5. Bd3 {[%emt 0:00:00]} c5 {[%emt 0:00:05]} 6. c3 {[%emt 0:00:00]} Nc6 {[%emt 0:00:02]} 7. Ne2 {[%emt 0:00:01]} cxd4 {[%emt 0:00:07]} 8. cxd4 {[%emt 0:00:05]} f6 {[%emt 0:00:04]} 9. exf6 {[%emt 0:00:11]} Nxf6 {[%emt 0:00:04]} 10. Nf3 {[%emt 0:00:15]} Bd6 {[%emt 0:00:07]} 11. O-O {[%emt 0:00:07]} Qc7 {[%emt 0:00:05]} 12. h3 {[%emt 0:00:09]} O-O {[%emt 0:00:17]} 13. Be3 {[%emt 0:00:04]} Bd7 {[%emt 0:02:27]} 14. Re1 {[%emt 0:00:12]} Be8 {[%emt 0:15:29]} 15. Ng5 {[%emt 0:03:33]} Qd7 {[%emt 0:01:31]} 16. Nf4 {[%emt 0:13:00]} Bxf4 {[%emt 0:07:08]} 17. Bxf4 {[%emt 0:00:04]} Ne4 {[%emt 0:02:55]} 18. Be3 {[%emt 0:11:59]} Nxg5 {[%emt 0:03:31]} 19. Bxg5 {[%emt 0:00:02]} Qf7 {[%emt 0:10:16]} 20. Be3 {[%emt 0:03:07]} Bd7 {[%emt 0:07:46]} 21. Qb3 {[%emt 0:03:30]} b6 {[%emt 0:06:59]} 22. Rac1 {[%emt 0:05:05]} Rae8 {[%emt 0:02:02]} 23. f4 {[%emt 0:10:50]} Rc8 {[%emt 0:04:29]} 24. Ba6 {[%emt 0:03:48]} Rcd8 {[%emt 0:08:17]} 25. Qa3 {[%emt 0:02:05]} Qf6 {[%emt 0:01:27]} 26. Red1 {[%emt 0:01:37]} Rf7 {[%emt 0:03:12]} 27. Be2 {[%emt 0:07:44]} Qe7 {[%emt 0:04:44]} 28. Qxe7 {[%emt 0:04:14]} Nxe7 {[%emt 0:01:34]} 29. g3 {[%emt 0:09:15]} Nf5 {[%emt 0:00:42]} 30. Bf2 {[%emt 0:01:45]} Nd6 {[%emt 0:00:50]} 31. Bg4 {[%emt 0:01:04]} Kf8 {[%emt 0:05:57]} 32. Be1 {[%emt 0:00:45]} a5 {[%emt 0:00:42]} 33. b3 {[%emt 0:05:05]} Ke7 {[%emt 0:02:50]} 34. Be2 {[%emt 0:06:37]} Rff8 {[%emt 0:04:10]} 35. Bd3 {[%emt 0:00:23]} g6 {[%emt 0:00:53]} 36. g4 {[%emt 0:03:35]} Rc8 {[%emt 0:00:16]} 37. Bh4+ {[%emt 0:00:12]} Kf7 {[%emt 0:00:07]} 38. Ba6 {[%emt 0:07:09]} Rxc1 {[%emt 0:00:28]} 39. Rxc1 {[%emt 0:00:02]} Ra8 {[%emt 0:00:19]} 40. Bd3 {[%emt 0:00:00]} Rc8 {[%emt 0:01:11]} 41. Rxc8 {[%emt 0:02:53]} Nxc8 {[%emt 0:00:17]} 42. Bd8 {[%emt 0:00:18]} Ke8 {[%emt 0:05:20]} 43. Bc7 {[%emt 0:00:33]} a4 {[%emt 0:00:02]} 44. bxa4 {[%emt 0:10:55]} Bxa4 {[%emt 0:00:31]} 45. f5 {[%emt 0:02:01]} exf5 {[%emt 0:01:59]} 46. gxf5 {[%emt 0:00:04]} gxf5 {[%emt 0:00:25]} 47. Bxf5 {[%emt 0:01:23]} Bd7 {[%emt 0:00:03]} 48. Bxh7 {[%emt 0:01:59]} Bxh3 {[%emt 0:00:12]} 49. Kf2 {[%emt 0:00:48]} Kd7 {[%emt 0:00:39]} 50. Bf4 {[%emt 0:00:08]} Ne7 {[%emt 0:01:28]} 51. Bd3 {[%emt 0:00:14]} 1/2-1/2

[Event "EIWCC 2017"]
[Site "Riga"]
[Date "2017.04.13"]
[Round "3"]
[White "Babiy, Olga"]
[Black "Stetsko, Lanita"]
[Result "1-0"]
[WhiteElo "2359"]
[BlackElo "2226"]
[Annotator "NA"]
[PlyCount "65"]
[EventDate "2017.??.??"]
[EventType "swiss"]
[EventCountry "LAT"]
[SourceTitle "playchess.com"]
[Source "ChessBase"]
[SourceQuality "1"]
[TimeControl "40/5400+30:1800+30"]

1. e4 {[%emt 0:00:00]} e5 {[%emt 0:00:16]} 2. Nf3 {[%emt 0:00:00]} Nc6 {[%emt 0:00:06]} 3. Nc3 {[%emt 0:00:00]} Nf6 {[%emt 0:00:19]} 4. Be2 {[%emt 0:00:00]} d5 {[%emt 0:02:53]} 5. exd5 {[%emt 0:00:00]} Nxd5 {[%emt 0:00:05]} 6. O-O {[%emt 0:00:06]} Nxc3 {[%emt 0:01:07]} 7. bxc3 {[%emt 0:00:07]} e4 {[%emt 0:02:24]} 8. Ne1 {[%emt 0:00:10]} Bd6 {[%emt 0:15:39]} 9. f3 {[%emt 0:00:17]} Bf5 {[%emt 0:01:47]} 10. fxe4 {[%emt 0:03:06]} Bxe4 {[%emt 0:00:43]} 11. Nf3 {[%emt 0:00:34]} O-O {[%emt 0:04:27]} 12. d4 {[%emt 0:01:58]} h6 {[%emt 0:15:19]} 13. Bd3 {[%emt 0:00:49]} f5 {[%emt 0:03:37]} 14. Bc4+ {[%emt 0:17:54]} Kh8 {[%emt 0:03:02]} 15. Ng5 {[%emt 0:00:40]} Qe8 {[%emt 0:12:40]} 16. Nxe4 {[%emt 0:02:42]} Qxe4 {[%emt 0:01:02]} 17. Qd3 {[%emt 0:05:20]} Qh4 $16 {[%emt 0:07:50]} 18. g3 {[%emt 0:01:03]} Qh5 {[%emt 0:01:10]} 19. Bf4 {[%emt 0:15:45]} Rad8 {[%emt 0:08:06]} 20. Rae1 {[%emt 0:00:56]} Bxf4 {[%emt 0:07:09]} 21. Rxf4 {[%emt 0:01:15]} Rd6 {[%emt 0:00:17]} 22. Be6 {[%emt 0:07:49]} Ne7 {[%emt 0:03:09]} 23. Re5 {[%emt 0:04:30]} Qg5 {[%emt 0:01:33]} 24. h4 {[%emt 0:08:22]} Qf6 {[%emt 0:02:03]} 25. Bxf5 {[%emt 0:04:01]} g5 {[%emt 0:02:26]} 26. hxg5 {[%emt 0:01:32]} hxg5 {[%emt 0:00:01]} 27. Be6 {[%emt 0:05:10]} Qh6 {[%emt 0:02:43]} 28. Rxf8+ {[%emt 0:02:24]} Qxf8 {[%emt 0:00:02]} 29. Qe3 {[%emt 0:00:10]} Qf6 {[%emt 0:00:43]} 30. Bb3 {[%emt 0:01:38]} Nf5 {[%emt 0:00:46]} 31. Qf3 {[%emt 0:03:52]} Ng7 {[%emt 0:01:03]} 32. Qxb7 {[%emt 0:00:43]} Rd8 {[%emt 0:00:34]} 33. Qh1+ {[%emt 0:00:11]} 1-0